| 000 | 00763nam a2200217 a 4500 | ||
|---|---|---|---|
| 001 | 673 | ||
| 003 | CDMR | ||
| 005 | 20131119100530.0 | ||
| 008 | 130130s1986||||||||||||||||||||||||||||d | ||
| 020 | _a8476580118 | ||
| 040 |
_aCDMR _bcat _cCDMR |
||
| 100 | 1 |
_aSantoja, Gonzalo _9513 |
|
| 245 | 1 | 0 |
_aDel lápiz rojo al lápiz libre _b: la censura previa de publicaciones periódicas y sus consecuencias editoriales durante los últimos años del reinado de Alfonso XIII _cGonzalo Santonja |
| 260 |
_aBarcelona _c1986 _bAntropos, Editorial del Hombre |
||
| 300 | _a251 p. | ||
| 490 | 0 |
_aÁmbitos Literarios. _aEnsayo _v15 |
|
| 650 | 0 | 4 |
_93729 _aPremsa _xHistòria _zEspanya |
| 650 | 0 | 4 |
_92723 _aCensura |
| 650 | 0 | 4 |
_94120 _aEmpreses periodístiques _zEspanya |
| 942 |
_cMON _2udc |
||
| 999 |
_c673 _d673 |
||